| 000 | 01190nam a2200253Ia 4500 | ||
|---|---|---|---|
| 003 | Ost | ||
| 005 | 20260416102350.0 | ||
| 008 | 260416s9999||||xx |||||||||||||| ||und|| | ||
| 040 | _cfsecg | ||
| 041 | _aara | ||
| 082 | _a330 | ||
| 100 |
_aبن زيان، راضية _eمؤلف |
||
| 245 | 0 |
_aمحاضرات في مقياس النمذجة / _c راضية بن زيان |
|
| 260 |
_aالجزائر _bجامعة الجزائر3: كلية العلوم الإقتصادية، العلوم التجارية وعلوم التسيير _c2015 |
||
| 300 |
_a99 ورقة _bايضاحات _c30 سم |
||
| 504 | _aمراجع ص.98 | ||
| 520 | _aمدخل للنمذجة الاقتصادية، دوال الاستهلاك، الاستثمار، الانفاق الحكومي وتوازن الميزانية، التجارة الخارجية، دالة الانتاج | ||
| 653 | _aالاستثمار | ||
| 653 | _aالاقتصاد | ||
| 653 | _aالتجارة الخارجية | ||
| 653 | _aالميزانية | ||
| 710 |
_aجامعة الجزائر3: كلية العلوم الإقتصادية، العلوم التجارية وعلوم التسيير _eناشر علمي |
||
| 942 | _cHANDOUT | ||
| 999 |
_c40976 _d40976 |
||